Musicals by Character Songs Quiz Stats

 Plays Quiz Updated Sep 2, 2019

Score 0/55 Timer 08:00
7 Plays Today
Song Musical % Correct
GastonBeauty and the Beast
84.1%
MariaWest Side Story
79.2%
The Madness of King ScarThe Lion King
73.5%
Tevye's DreamFiddler on the Roof
56.5%
Tango: MaureenRent
54.5%
Suddenly, SeymourLittle Shop of Horrors
54%
Mr. MistoffeleesCats
53%
When Velma Takes the StandChicago
50.6%
Adelaide's LamentGuys and Dolls
50.3%
Waltz for Eva and CheEvita
49.4%
MariaThe Sound of Music
45.7%
Brave Sir RobinMonty Python's Spamalot
45.1%
SchroederYou're a Good Man, Charlie Brown
43.5%
Colonel Buffalo BillAnnie Get Your Gun
39.1%
Pore Jud Is DaidOklahoma!
37.9%
The Thénardier Waltz of TreacheryLes Misérables
37.8%
Raoul, I've Been TherePhantom of the Opera
37.6%
PotipharJoseph and the Amazing Technicolor Dreamcoat
36.9%
Damn It, JanetThe Rocky Horror Picture Show
36%
JohannaSweeney Todd
35.8%
Freddy, My LoveGrease
33.7%
Whatever Lola WantsDamn Yankees
33.7%
Rose's TurnGypsy
32.6%
Cinderella at the GraveInto the Woods
32.6%
Peter's DenialJesus Christ Superstar
31.8%
Along Came BialyThe Producers
30.8%
Bloody MarySouth Pacific
28%
Truly ScrumptiousChitty Chitty Bang Bang
27.7%
Song Musical % Correct
AldonzaMan of La Mancha
19.4%
RosieBye Bye Birdie
17.7%
Amayzing GertrudeSeussical
17.6%
Sit Down, John1776
15.2%
You're a Queer One, Julie JordanCarousel
14.6%
Guido's SongNine
14.4%
Benny's DispatchIn the Heights
13.4%
JimmyThoroughly Modern Millie
12.5%
Captain JackMovin' Out
11.7%
DonnaHair
11.3%
Ti MouneOnce on this Island
10.8%
Mr. Andrews' VisionTitanic
10.5%
Sarah Brown EyesRagtime
9.3%
Cousin KevinThe Who's Tommy
9.2%
RosemaryHow to Succeed in Business Without Really Trying
8.7%
Hey Kendra13
6.7%
Florence QuitsChess
6.2%
Grandma's SongBilly Elliot
6.2%
Chris is HereMiss Saigon
6%
With Anne on my ArmLa Cage Aux Folles
5.5%
Everybody Loves LouisSunday in the Park with George
5.4%
Jimmy's RapDreamgirls
5.2%
Hymn to DionysosThe Frogs
4.9%
Life With HaroldThe Full Monty
3.6%
Frederick's SoliloquyYoung Frankenstein
3.1%
A Tree Named SofiaThe Color Purple
2.6%
Noah Down the StairsCaroline, or Change
1.8%

You're not logged in!

Compare scores with friends on all Sporcle quizzes.
OR
Log In

Sporcle TV

Today on Sporcle TV


Watch our educational content, quiz creation guides, and fun videos on Sporcle TV.

Show Comments

Extras

Top Quizzes Today


Score Distribution

Your Account Isn't Verified!

In order to create a playlist on Sporcle, you need to verify the email address you used during registration. Go to your Sporcle Settings to finish the process.

Report this User

Report this user for behavior that violates our Community Guidelines.

Details: